000 00638cam a22002293a 4500
001 22956
003 PGUSA
005 20140828083504.0
008 071011s2007||||xxu|||||s|||||000 | eng d
040 _aPGUSA
_beng
042 _adc
050 4 _aPZ
100 1 _aAbbott, Jacob,
_d1803-1879
245 1 0 _aRollo in Paris
_h[electronic resource] /
_cJacob Abbott
260 _bProject Gutenberg,
_c2007
506 _aPublic domain in the USA.
516 _aElectronic text
653 _aParis (France) -- Description and travel
830 0 _aProject Gutenberg
_v22956
856 4 0 _uhttp://www.gutenberg.org/ebooks/22956
942 _cEB
999 _c252211
_d252211